| 000 | 00774cam a2200229 4500 | ||
|---|---|---|---|
| 001 | WB3703-21 | ||
| 008 | 000000n2001 000 0 eng u | ||
| 035 | _a(Sirsi) u110394 | ||
| 245 | _aMore information about rateable values | ||
| 260 | _c2001 | ||
| 490 |
_aValuation Office Press Release _v 9 January 2001(1) |
||
| 520 | _aThe Valuation Office Agency is conducting local trials to assess how ratepayers who have appealed against their rateable value can gain more information about how it was calculated. | ||
| 590 | _aWB | ||
| 650 | _aVALUATION OFFICE AGENCY | ||
| 650 | _aRATING ASSESSMENTS | ||
| 650 | _aRATEABLE SYSTEM | ||
| 650 | _aREFORM | ||
| 650 | _aRATING APPEALS | ||
| 650 | _aMODERNISATION | ||
| 690 | _aRATING AND LOCAL TAXATION | ||
| 942 | _n0 | ||
| 999 |
_c65815 _d65815 |
||